Women social scientists: asia - pacific (Record no. 488834)

000 -LEADER
fixed length control field 00653cam a22001217a 4500
008 - FIXED-LENGTH DATA ELEMENTS--GENERAL INFORMATION
fixed length control field 180718b1987 xxu||||| |||| 00| 0 eng d
082 ## - DEWEY DECIMAL CLASSIFICATION NUMBER
Classification number B142055x5 Un3/2
245 ## - TITLE STATEMENT
Title Women social scientists: asia - pacific
Statement of responsibility, etc. by Regional Unit for Social Human Sciences in Asia and the Pacific, Unesco Principal Regional Office for Asia and the Pacific
260 ## - PUBLICATION, DISTRIBUTION, ETC.
Place of publication, distribution, etc. Bangkok
Name of publisher, distributor, etc. Regional Unit for Social and Human Sciences in Asia and the
Date of publication, distribution, etc. 1987
300 ## - PHYSICAL DESCRIPTION
Extent 319+p.
440 ## - SERIES STATEMENT/ADDED ENTRY--TITLE
Title Social and Human Sciences in Asia and the Pacific RUSHAP Directoreis: 2
700 ## - ADDED ENTRY--PERSONAL NAME
Personal name Unesco Principal Regional Office for Asia and the Pacific. Regional Unit for Social and Human Sciences in Asia
Holdings
Withdrawn status Lost status Damaged status Not for loan Permanent Location Current Location Date acquired Full call number Barcode Date last seen Price effective from Koha item type
        Indian Institute of Public Administration Indian Institute of Public Administration 2018-08-04 B142055x5 Un3/2 GG21379 2018-08-04 2018-08-04 GG

Powered by Koha